000 00603nam a2200229Ia 4500
003 OSt
005 20220918175247.0
006 a|||||r|||| 00| 0
007 ta
008 220917b |||||||| |||| 00| 0 eng d
024 _a16,384
037 _cTextual
040 _aARTS
_cARTS
_beng
041 _2eng
_aeng
082 _aO:1xN5, J01 (TTO)
100 _aUntermeyer Louis ed
_953457
245 0 _aModern American poetry mid century
260 _c1950
650 _aENGLISH LITERATURE
942 _hO:1xN5, J01 (TTO)
_cTEXL
_2CC
999 _c156766
_d156766